Finfish nutrition and fishfeed technology
Spremljeno u:
| Format: | Knjiga |
|---|---|
| Jezik: | Undetermined |
| Izdano: |
Berlin
Heenemann Verlagsgesellschaft mbH
1979
|
| Teme: | |
| Oznake: |
Dodaj oznaku
Bez oznaka, Budi prvi tko označuje ovaj zapis!
|
| Thư viện lưu trữ: | Trung tâm Học liệu Trường Đại học Cần Thơ |
|---|
| LEADER | 00533nam a2200181Ia 4500 | ||
|---|---|---|---|
| 001 | CTU_149982 | ||
| 008 | 210402s9999 xx 000 0 und d | ||
| 082 | |a 639.3 | ||
| 082 | |b F495/Vol.2 | ||
| 245 | 0 | |a Finfish nutrition and fishfeed technology | |
| 245 | 0 | |c Edited by John E. Halver and Klaus Tiews | |
| 260 | |a Berlin | ||
| 260 | |b Heenemann Verlagsgesellschaft mbH | ||
| 260 | |c 1979 | ||
| 650 | |a Fish culture,Fish | ||
| 650 | |x Feeding and feeds | ||
| 904 | |i Năm | ||
| 980 | |a Trung tâm Học liệu Trường Đại học Cần Thơ | ||